000 00531nam a2200169 4500
003 SEACOMMC
005 20250506114317.0
008 250422b |||||||| |||| 00| 0 eng d
020 _a978-0-07-463521-6
_cRs.495.00
040 _aSEACOMMC
082 _a005.118
_bB 811
100 _a Bradley, Julia Case
245 1 _aProgramming in Visual Basic Version 6.0 /
_c Julia Case Bradley [and] Anita C Millspaugh
260 _aNew Delhi
_b Tata McGraw-Hill
_c c 1999
650 _aComputer Science (Programming Language)
942 _cBOOK
999 _c1205
_d1205